000 01486nam a22002775i 4500
001 158034
003 ES-MaACL
005 20250808063540.0
008 030402s1884 sp |||| | spa d
040 _aCCPB | B
_bspa
_cCCPB | B
080 _a616.24-002.5
080 _a579.873.2
100 1 _aLópez García, Leopoldo,
_d1854-1932
_eaut
_9129206
245 1 0 _aDel bacilo de Koch en la tuberculosis :
_bimportancia del examen microscópico de los esputos en el diagnóstico de la misma y técnica especial para la investigación de dicho parásito /
_cpor Leopoldo López García
260 _aMadrid :
_b[s.n.],
_c1884
_f(Est. Tip. del Hospicio)
300 _a20 páginas ;
_c24 cm
490 1 _aBiblioteca de la Revista especial de oftalmología, dermatología, sifilografía y afecciones urinarias y Boletín de medicina y cirugía
_9241605
650 7 _aTuberculosis
_2embne
_917658
650 7 _aMycobacterium tuberculosis
_2embne
_9156808
830 0 _aBiblioteca de la Revista especial de oftalmología, dermatología, sifilografía y afecciones urinarias y Boletín de medicina y cirugía
_9241605
852 _aES-MaACL
_cDEPOF
_gDed. ms. del autor a Manuel Sáenz Díez
_jT-621-F-9
_xEnc. en un vol. facticio
_xHolandesa, falto de cubierta original
852 _aES-MaACL
_cDEPOF
_jT-686-F-5
_xEnc. en un vol. facticio
_xHolandesa, conservando cubierta original
942 _2udc
_cFOLLETOS
_n0
999 _c158034
_d158034